000 00799nam a2200289Ia 4500
005 20260324113957.0
008 008 260324s9999 xx 000 0 eng d
020 _a9781003336563
037 _aEBOOK
040 _aCRL
040 _beng
040 _cCRL
041 _2eng
041 _aeng
084 _qCRL
100 _aMuhammad Shahbaz; Daniel Balsalobre Lorente; Rajesh Sharma
_91148931
245 0 _aEconomic Growth and Environmental Quality in a Post-Pandemic World
245 0 _bNew Directions in the Econometrics of the Environmental Kuznets Curve
260 _bTaylor and Francis
260 _c2023
365 _a
365 _b230
856 _uhttp://www.taylorfrancis.com/books/9781003336563
942 _cEBOOK
999 _c1738871
_d1738871